Finanzas bs̀icas con Excelʼ Versiones 97 a 2010

Detalles Bibliográficos
Formato: eBook
Lenguaje:español
Publicado: Bogot:̀ Ediciones de la U, 2014
Edición:2da. Edicin̤
Materias:
Acceso en línea:Acceso restringido

MARC

LEADER 00000nam a22000007a 4500
005 20210513010629.0
007 cr|||| ||||
008 210513s2014 co |||||s|||| 00||0 spa d
020 |a 978-958-762-253-9 
035 |a 33391 
040 |a vLex 
090 |c 11653  |d 11653 
245 1 0 |a Finanzas bs̀icas con Excelʼ  |h [Recurso electrn̤ico] :  |b Versiones 97 a 2010 
250 |a 2da. Edicin̤ 
256 |a Servicio en ln̕ea 
260 |a Bogot:̀  |b Ediciones de la U,  |c 2014 
300 |a 1 recurso electrn̤ico 
500 |a Microsoft Excel 2010 es un programa que forma parte del paquete integrado Microsoft Office 2010, y que se ajusta de modo adecuado al trabajo con modelos financieros. Se trata de un software considerado actualmente como estǹdar en todos los entornos educativo, profesional, familiar, etc., que posee la virtud de presentar una interfaz agradable y una facilidad de uso digna de elogio, dentro de la amplia gama de funciones que incorpora Excel2010 destacan las funciones para trabajar en el campo financiero. Las funciones financieras ejecutan operaciones contables comunes, tales como determinar los pagos de un prštamo, el valor futuro o el valor neto actual de una inversin̤, los valores de obligaciones y bonos, lo mťodos de amortizacin̤ de bienes y otras caracters̕ticas financieras que iremos viendo a lo largo de este libro. A pesar de las dificultades que puedan presentar los modelos financieros, Excel permite implementarlos de tal forma que resultan inteligibles a primera vista sin necesidad de conocimientos muy profundos en la materia. 
506 1 |a Disponible solo en los productos indicados  |d vLex Global  |d vLex Global (Academic Edition, excluding Law Schools)  |d vLex Global (U.S. Academic Edition, Law Schools)  |d vLex Global (U.S. Academic Edition, excluding Law Schools)  |d vLex Global (Academic Edition, Law Schools) 
650 0 4 |a Contabilidad  |z Colombia 
650 0 4 |a Banca y finanzas  |z Colombia 
740 0 |a vLex Libros (Servicio en ln̕ea) 
856 4 0 |u https://vlex.com/source/finanzas-basicas-con-excel-versiones-97-a-2010-33391  |z Acceso restringido 
942 |c BOOK 
999 0 |a Accounting 
999 0 |a Banking and finance